Estructuras feudales y feudalismo en el mundo mediterráneo (Record no. 60893)

MARC details
000 -LEADER
campo de control de longitud fija 00639nam a2200181 i 4500
001 - NÚMERO DE CONTROL
campo de control 60893
003 - IDENTIFICADOR DE NÚMERO DE CONTROL
campo de control ES-MaACL
005 - FECHA Y HORA DE LA ÚLTIMA TRANSACCIÓN
campo de control 20230906164327.0
007 - CAMPO FIJO DE DESCRIPCIÓN FÍSICA--INFORMACIÓN GENERAL
campo de control de longitud fija t|
008 - DATOS DE LONGITUD FIJA--INFORMACIÓN GENERAL
campo de control de longitud fija 031107s1984 sp ||||1| spa d
245 00 - MENCIÓN DEL TÍTULO
Título Estructuras feudales y feudalismo en el mundo mediterráneo
Resto del título : (siglos X-XIII) /
Mención de responsabilidad, etc. Pierre Bonnassie...[et al.] ; estudio preliminar de Reyna Pastor ; [traducción de Juan Faci].
260 ## - PUBLICACIÓN, DISTRIBUCIÓN, ETC.
Lugar de publicación, distribución, etc. Barcelona :
Nombre del editor, distribuidor, etc. Crítica,
Fecha de publicación, distribución, etc. [1984]
300 ## - DESCRIPCIÓN FÍSICA
Extensión 292 p. ;
Dimensiones 20 cm.
700 1# - ENTRADA AGREGADA--NOMBRE PERSONAL
Nombre de persona Bonnassie, Pierre.
9 (RLIN) 30230
700 1# - ENTRADA AGREGADA--NOMBRE PERSONAL
Nombre de persona Pastor de Togneri, Reyna.
9 (RLIN) 89502
700 1# - ENTRADA AGREGADA--NOMBRE PERSONAL
Nombre de persona Faci, Juan.
9 (RLIN) 48594
852 ## - LOCALIZACIÓN
Ubicación ES-MaACL
Número de control de estantería L-6583
Sublocalización o colección R.107203
Holdings
Estatus retirado Estado de pérdida Estado de daño No para préstamo Biblioteca de origen Biblioteca actual Ubicación en estantería Fecha de adquisición Fuente de adquisición Total de préstamos Signatura topográfica completa Código de barras Visto por última vez Precio de reemplazo Tipo de ítem Koha
        Biblioteca del Ateneo de Madrid Biblioteca del Ateneo de Madrid Depósito 2 17/01/2008     L-6583 1063857 23/02/2023 23/02/2023 Libro impreso